000 00875nam a22002057a 4500
999 _c11935
_d11935
003 AR-CdUCM
008 190401b ||||| |||| 00| 0 spa d
040 _aMUNICIPALIDAD PROVINCIAL DEL CUSCO
_cBIBLIOTECA MUNICIPAL DEL CUSCO
082 _a345.707 /
_bL21 / 1879
_22ed.
100 _aLama, Miguel Antonio De La
_928722
245 _aElementos de teoria del Enjuiciamiento y Practica Forense Peruana :
_bcon un formulario lacónico y completo /
260 _aLima :
_bLibr. universal de D. Benito Gil.
_c1879.
300 _a2 tomos ;
_c19 cm.
505 _aContenido: t.1. Juicios criminales -- Personas -- Procedimientos -- Enjuiciamiento -- Ejecución de las sentencias -- Juicios privativos. t.4. Juicios criminales y privativos.
650 _aJuicios
_97111
650 _aSentencias
_922509
650 _aLeyes
_94808
942 _2ddc
_cLIBROS
945 _aacv
_d05/04/2019